Statistics for Led Zeppelin Songs by Lyrics

Click here to take the quiz!

General Stats

  • This quiz has been taken 184 times
  • The average score is 12 of 20

Answer Stats

LyricsSong% Correct
Hey, hey, mama, said the way you move, gonna make you sweat / Gonna make you grooveBlack Dog
91%
We come from the land of the ice and snow / From the midnight sun where the hot springs flowImmigrant Song
91%
And it's whispered that soon, if we all call the tune / Then the piper will lead us to reasonStairway to Heaven
91%
All last night sat on the levee and moaned / Thinkin' about my baby and my happy homeWhen the Levee Breaks
74%
So I'm packing my bags for the Misty Mountains / Where the spirits go nowMisty Mountain Hop
72%
It's been a long time, been a long time / Been a long lonely, lonely, lonely, lonely, lonely timeRock and Roll
68%
Been ____ ___ _______ for so long it's not true / Wanted a woman, never bargained for youDazed and Confused
66%
You've been learnin', baby / I've been yearnin'Whole Lotta Love
65%
To sit with elders of the gentle race, this world has seldom seen /
They talk of days for which they sit and wait and all will be revealed
Kashmir
64%
Tangerine, tangerine / Living reflection from a dreamTangerine
64%
Someone told me there's a girl out there / With love in her eyes and flowers in her hairGoing to California
60%
I'm goin' 'round the world / I got to find my girl, on my wayRamble On
56%
Hey fellas, have you heard the news? / You know that Annie's back in town?Heartbreaker
49%
At last the arm is straight, the hand to the loom / Is this to end or just begin?All My Love
43%
Hangman, hangman, hold it a little while / I think I see my friends coming, riding many a mileGallows Pole
42%
Now I will stand in the rain on the corner / I'll watch the people go shuffling downtownFool in the Rain
41%
The pain of war cannot exceed the woe of aftermath / The drums will shake the castle wallThe Battle of Evermore
39%
The mighty arms of Atlas / Hold the heavens from the earthAchilles Last Stand
35%
Hear my song. People won't you listen now? / Sing alongThe Song Remains The Same
24%
I've been trying, Lord, let me tell you / Let me tell you I really did the best I couldSince I've Been Loving You
20%

Score Distribution

Percentile by Number Answered

Percent of People with Each Score

Your Score History

You have not taken this quiz